| 000 | 00991nam a2200277 i 4500 | ||
|---|---|---|---|
| 003 | DO-SdBNP | ||
| 005 | 20250424142632.0 | ||
| 007 | ta | ||
| 008 | 250424b2008 dr ||||| |||| 00| 0 spa d | ||
| 040 |
_aDO-SdBNP _bspa _cBNPHU _erda |
||
| 041 | _hspa | ||
| 082 | 4 |
_axxx _bxxx _222 |
|
| 100 | 1 |
_aCaldezano, Arquides, _eautor _4aut. _987519 |
|
| 245 | 1 | 0 |
_aMás allá del horizonte / _cArquides Caldezano ; prólogo, Milcíades Frías, Joaquín Alfonso ; corrección, Ligia Santos Belliard |
| 264 | 4 |
_aSanto Domingo : _bImpresos Alfonso, _c©2008. |
|
| 300 |
_a156 páginas ; _c21 cm. |
||
| 336 |
_atexto _btxt _2rdacontent |
||
| 337 |
_asin mediación _bn _2rdamedia |
||
| 338 |
_avolumen _bnc _2rdacarrier |
||
| 500 | _aIncluye datos biográficos del autor en la contracubierta | ||
| 590 | _aInventariado, 2025/BT | ||
| 700 | 1 |
_4pr. _aFrías Jiménez, Milcíades, _eprologuista _925332 |
|
| 700 | 1 |
_aSantos Belliard, Ligia, _ecorrector _4corr. _987520 |
|
| 910 | _aBtavárez | ||
| 942 |
_2ddc _cLBS1 |
||
| 999 |
_c58786 _d58786 |
||